| 000 | 03914cam a22003257i 4500 | ||
|---|---|---|---|
| 999 |
_c64267 _d64267 |
||
| 001 | 20040747 | ||
| 003 | OSt | ||
| 005 | 20240530110723.0 | ||
| 008 | 170928t20172017ua ab b 100 0 eng d | ||
| 020 | _a9789774167775 (cloth) | ||
| 020 | _a9774167775 (cloth) | ||
| 040 |
_aYDXCP _beng _erda _cYDXCP _dBDX _dOCLCQ _dCDX _dPTS _dDLC |
||
| 082 | 0 | 4 |
_221 _a270.25739 / _bG C/CC |
| 245 | 0 | 0 |
_aChristianity and monasticism in northern Egypt : _bBeni Suef, Giza, Cairo, and the Nile Delta / _cedited by Gawdat Gabra, Hany N. Takla. |
| 264 | 1 |
_aCairo ; _aNew York : _bThe American University in Cairo Press, _c[2017] |
|
| 300 |
_axxiv, 359 pages : _billustrations, maps ; _c24 cm. |
||
| 500 | _a"A Saint Mark Foundation book"-- t.p. | ||
| 500 | _a"...contains the essays presented at the seventh international symposium of the St. Mark Foundation for Coptic History Studies and the St. Shenouda the Archimandrite Coptic Society. The symposium was held on February 8-12, 2015 in the Monastery of Saint Menas (Dayr Mari Mina) near Alexandria"--Foreword, page xix. | ||
| 504 | _aIncludes bibliographical references (pages 315-359). | ||
| 505 | 0 | _aJohn of Barullos (540-615) / Bishop Kyrillos -- The Relationship between the Monks of Northern Egypt and the patriarchs of the Egyptian church / David Brakke -- Saint Mina monastery in Arabic sources / Sherin Sadek El Gendi -- The Bashmurite revolts in the Delta and the 'Bashmuric dialect,' Frank Feder -- Toward the localization of the Hennaton monastic complex, Mary Ghattas -- The Pachomian federation and lower Egypt : the ties that bind / James E. Goehring -- The relations between the coptic church and the Armenian church from the time of Muhammad Ali to the present (1805-2015) / Mary Kupelian -- Saint Barsoum the naked and his veneration at al-Ma'sara (Deir Shahran) / Bishop Martyros -- The traditions of the holy family and the development of Christianity in the Nile Delta / Ashraf Alexandre Sadek -- Anba Ruways and the cathedral of Saint Mark / Adel F. Sadek -- The perception of St. Athanasius of Alexandria in later coptic literature / Ibrahim Saweros -- The discovery of papyri from Turah at Dayr al-Qusayr (Dayr Arsaniyus) and its legacy / Caroline T. Schroeder -- Nitria / Mark Sheridan -- Yuhanna al-Samannudi, the founder of national coptic philology in the Middle Ages / Adel Sidarus -- The Arabic version of the Miracles of Apa Mena Based on two unpublished manuscripts in the collection of the St. Shenouda the Archimandrite coptic society in Los Angeles / Hany N. Takla -- Life of Pope Cyril VI (Kyrillos VI) / Teddawos Ava Mina and Youhanna Nessim Youssef -- The veneration of Anba Hadid and the Nile Delta in the thirteenth century / Asuka Tsuji -- Kellia and monastic epigraphy / Jacques van der Vliet -- Butrus al-Sadamanti al-Armani (Peter of Sadamant "the Armenian") / Fr. Awad Wadi -- Julius of Aqfahs : the martyrdom of John and Simon / Youhanna Nessim Youssef -- The Bohairic Acts of the Martyrs acts as a genre of religious discourse / Ewa D. Zakrzewska -- Remnants of a Byzantine church at Athribis / Tomasz Górecki -- Architecture in Kellia / Gisèle Hadji-Minaglou -- Kellia : its decoration in painting and stucco / Karel C. Innemée -- Highlights from the polish excavations at Marea/Philoxenite 2000-14 / Krzysztof Babraj and Daria Tarara -- Conservation of mural paintings in the coptic museum / Michael Jones. | |
| 650 | 0 |
_aCoptic monasticism and religious orders _zEgypt _xHistory _vCongresses. |
|
| 650 | 0 |
_aCoptic monasticism and religious orders _zEgypt _zNile River Delta _xHistory _vCongresses. |
|
| 650 | 0 |
_aCopts _zEgypt _xCivilization _vCongresses. |
|
| 651 | 0 |
_aEgypt _xChurch history _vCongresses. |
|
| 700 | 1 |
_aGabra, Gawdat, _eeditor. |
|
| 700 | 1 |
_aTakla, Hany N., _eeditor. |
|
| 710 | 2 |
_aSaint Mark Foundation, _eissuing body. |
|
| 710 | 2 |
_aSaint Shenouda the Archimandrite Coptic Society, _eissuing body. |
|
| 942 |
_2ddc _cBK |
||